000 00378nam a2200157Ia 4500
008 221030s9999 xx 000 0 und d
041 _aEnglish
082 _a105.23
100 _aM. Mahajan
245 0 _aIndustrial Engineering & Production Management
250 _a3rd
260 _bDhanpat Rai Pub
_aDelhi
_c2010
300 _a1016
650 _aBE Management
942 _cBK
999 _c6493
_d6493